| 000 | 00457nam a2200157 i 4500 | ||
|---|---|---|---|
| 001 | 45114 | ||
| 003 | ES-MaACL | ||
| 005 | 20230906161146.0 | ||
| 007 | t| | ||
| 008 | 030325s1970 sp ||||1| spa d | ||
| 245 | 0 | 0 |
_aCircuitos de transistores / _c[traductor, Esau Rodríguez Pertusa]. |
| 260 |
_aMadrid : _bParaninfo, _c1970. |
||
| 300 |
_a141 p. : _bil. ; _c22 cm. |
||
| 700 | 1 |
_aRodríguez Pertusa, Esaú. _998732 |
|
| 852 |
_aES-MaACL _jC-48450 _bR.72285 |
||
| 999 |
_c45114 _d45114 |
||